Представление документа в формате RUSMARC

ПолеНазваниеЗначение
  Тип записи a
  Библиографический уровень m
001 Контрольный номер LIBNET\0000964341
005 Дата корректировки 20260416101348.3
010 Индекс ISBN __
a ISBN 978-5-00117-433-2
9 Тираж 5000
d Цена 575-00
021 № государственной регистрации __
a Код страны RU
b № документа АЛ-П-18-000915
035 Другие системные номера __
a Идентификатор записи RU/RGDB/BIBL/0000517332
073 Международный номер товара (EAN) _0
a Стандартный номер (EAN) 9785001174332
100 Данные общей обработки __
a Данные общей обработки 20160422d2019 d u0rusy00189 a
101 Язык документа 1_
a Язык текста rus
c Язык оригинала eng
102 Страна публикации __
a Страна публикации RU
105 Кодированные данные (монография) __
a Кодированные данные (монография) a t|||000yy
106 Кодированные данные (форма документа) __
a Кодированные данные для формы документа (Обозначение носителя) r
200 Заглавие и сведения об ответственности 1_
a Заглавие Ракеты
f Первые сведения об ответственности Энн Дрозд, Джерзи Дрозд
g Последующие сведения об ответственности [пер. с англ. Марии Скаф]
e Сведения, относящиеся к заглавию [комикс]
210 Выходные данные 1_
a Место издания Москва
c Издательство Манн, Иванов и Фербер
d Дата издания 2019
215 Физическое описание __
a Объем 125, [2] с.
c Иллюстрации/тип воспроизводства цв. ил.
d Формат 22
225 Серия (Журнальная рубрика) 1_
a Серия (Журнальная рубрика) Научный комикс
333 Примечание о целевом назначении __
a Примечание о целевом назначении 0+
606 Тематические рубрики 1_
a Основная рубрика Художественная литература
606 Тематические рубрики __
a Основная рубрика Литература Америки (произведения)
606 Тематические рубрики __
a Основная рубрика Транспорт
606 Тематические рубрики __
a Основная рубрика Космонавтика
610 Ключевые слова 0_
a Ключевые слова американская литература
a Ключевые слова образовательные комиксы
a Ключевые слова комиксы
686 Индексы других классификаций __
a Индекс ББК 84(7Сое)6-8
v Номер издания Таблицы для детских и школьных библиотек
2 Код системы rubbk
686 Индексы других классификаций __
a Индекс ББК 39.6
v Номер издания Таблицы для детских и школьных библиотек
2 Код системы rubbk
700 Автор _1
a Фамилия Дрозд
b Имя Э.
g Полное личное имя Энн
701 Альтернативная интеллектуальная ответственность (другие авторы) _1
a Фамилия Дрозд
b Имя Д.
g Полное личное имя Джерзи
4 Код отношения 440
702 Вторичная интеллектуальная ответственность _1
a Фамилия Скаф
b Имя М. К.
g Полное личное имя Мария Константиновна
4 Код отношения 730
801 Источник записи _0
a Страна RU
b Организация РГДБ
c Дата составления 20190201
801 Источник записи _1
a Страна RU
b Организация РГДБ
c Дата составления 20190201
801 Источник записи _2
a Страна RU
b Организация РГДБ
c Дата составления 20190206
2 Код формата rusmarc
801 Источник записи _1
a Страна RU
b Организация Центральная районная библиотека им. Г. А. Пирожникова
830 Общее примечание каталогизатора __
a Текст примечания 204
852 Данные о местонахождении __
j Шифр хранения 84(7Сое)6
i Авторский знак Д 754
901 Тип документа __
t Тип документа m
902 Роль лиц __
b Редактор БЗ ОКиО/Шумских